00829cam a22002417a 4500003000500000005001700005008004100022010001000063011001000073035001000083040000900093100002300102245015300125260007500278300001900353490004000372650002900412650002200441650002400463650003400487700002600521830004000547CHAP20220329142438.0010223s1998 mx a r 00010 spa d a83596 a84568 a95089 cCHAP00aMay Chan, Soledad.13aLa actividad productiva de traspatio como un elemento integrador de tradición, produtividad y familiac/por Soledad May Chan y Alma Valencia Arana aMéxico, D.F. :bSAGAR. Subsecretaría de Desarrollo Social,c[1998] a32 p. :bilus. 3aLa mujer origen de la vida ...v; 514aAgricultura doméstica.14aDesarrollo rural.14aHuertos familiares.14aMujer en comunidades rurales.0 aValencia Arana, Alma.03aLa mujer origen de la vida ...v; 5